| 000 | 01009cam a22003015a 4500 | ||
|---|---|---|---|
| 001 | 16970176 | ||
| 005 | 20160517153612.0 | ||
| 008 | 110919r20132012stka frb 001 0 eng d | ||
| 010 | _a 2011039344 | ||
| 020 | _a9780808924319 (International ISBN) | ||
| 035 | _a(DNLM)101569517 | ||
| 040 |
_aDNLM/DLC _beng _cDLC _dDLC _dEG-ScBUE |
||
| 082 | 0 | 4 |
_a615.1 _bBEN _222 |
| 100 | 1 |
_aBennett, P. N. _940015 |
|
| 245 | 1 | 0 |
_aClinical pharmacology / _cPeter N. Bennett, Morris J. Brown, Pankaj Sharma. |
| 250 | _a11th ed., International ed. | ||
| 260 |
_aEdinburgh : _bChurchill Livingstone / Elsevier, _c2013. |
||
| 300 |
_axi, 667 p. : _bill. (col.) ; _c25 cm. |
||
| 500 | _aIndex : p. 627-667. | ||
| 500 | _aReprint of the 2012 ed. | ||
| 504 | _aIncludes bibliographical references. | ||
| 650 | 7 |
_aClinical pharmacology. _2BUEsh _938454 |
|
| 651 | _2BUEsh | ||
| 653 |
_bPPhrm _cMay2016 |
||
| 700 | 1 |
_aBrown, M. J. _q(Morris Jonathan) _940016 |
|
| 700 | 1 |
_aSharma, Pankaj _c(Neurologist) _940017 |
|
| 942 | _2ddc | ||
| 999 |
_c21771 _d21743 |
||